Избранное: рассказы и повести; пер. с коми

書誌詳細
第一著者: Торопов И. Г. Иван Нригорьевич
その他の著者: Панкратов С. (переводчик), Дементьев В. (автор предисловия)
言語:ロシア語
出版事項: Москва, Современник, 1987
主題:
フォーマット: 図書
KOHA link:https://koha.lib.tpu.ru/cgi-bin/koha/opac-detail.pl?biblionumber=150771

MARC

LEADER 00000nam0a2200000 4500
001 150771
005 20231101221518.0
035 |a (RuTPU)RU\TPU\book\163472 
090 |a 150771 
100 |a 20090114d1987 m y0rusy50 ca 
101 1 |a rus  |c kom 
102 |a RU 
105 |a y z 000ay 
200 1 |a Избранное  |e рассказы и повести  |e пер. с коми  |f И. Г. Торопов  |g пер. С. Панкратов ; авт. предисл. В. Дементьев 
210 |a Москва  |c Современник  |d 1987 
215 |a 510 с. 
606 1 |a Коми-литература  |2 stltpush  |3 (RuTPU)RU\TPU\subj\14838  |9 41163 
610 1 |a Коми 
610 1 |a русская литература 
610 1 |a повести 
610 1 |a рассказы 
675 |a 894.532  |v 3 
700 1 |a Торопов  |b И. Г.  |g Иван Нригорьевич 
702 1 |a Панкратов  |b С.  |4 730 
702 1 |a Дементьев  |b В.  |4 080 
801 1 |a RU  |b 63413507  |c 20090114  |g PSBO 
801 2 |a RU  |b 63413507  |c 20200605  |g PSBO 
942 |c BK